zpět

Detail výsledku týmu

Rockle Klub, České Budějovice

Datum a čas kvízu

34 Celkem bodů Celkový počet nahraných bodů na tomto kvízu bez doplňovacích otázek.
3. Pořadí na kvízu Konečné umístění týmu na tomto kvízu.

Zaznamenané odpovědi

# Otázka Odpověď Body Výsledky
1. Přes území České republiky pro... Francie 1
2. Minulou neděli zvítězil v prez... Brazílie 0
3. Málokteré osobnosti v naší rep... Marta Kubišová, 1 989 kusů 1
4. Minulý týden byla pro sběratel... Věstonická venuše 0
5. Plzeňští fotbalisté sehráli v... Tomáš Chorý 1
6. V tomto tématu se spolu podívá... hřib 0
7. Na obrázku můžete vidět babku,... a) tkacím stroji 1
8. Za pár babek lze nakoupit neje... Ekvádor 1
9. V díle Babička od Boženy Němco... pírko, plot 1
10. V poslední otázce tohoto témat... 50 m 0